000
00285nam a2200133Ia 4500
100
_a
Lenk/ John
942
_c
BK
654
_a
video
245
_a
Video disc player troubleshooting
260
_b
Prentice Hall
_c
1985
082
_a
621.388
_b
LEN
300
_a
192
546
_a
ENGLISH
999
_c
29746
_d
29746